000 00395cam a22001451 4500
082 _a537
_bCOT
_cL-6, P-14
100 1 _aCotton, H.
_940193
245 0 0 _aPrinciples of electricity.
260 _aLondon,
_bCleaver-Hume Press
_c[1948]
300 _a356 p.
_billus.
_c19 cm.
526 _a0
_b0
_c0
_d537_000000000000000_COT
650 0 _aElectricity.
_939895
650 0 _aMCE
_9379
942 _2ddc
_cBK
999 _c544543
_d544543